[Event "Mechanics' Bedjanian TNM; G/2 d/5"]
[Site "San Francisco"]
[Date "2018.10.30"]
[Round "2.45"]
[White "Revi, Frank"]
[Black "Sullivan, George"]
[Result "1-0"]
[WhiteElo "1459"]
[BlackElo "988"]
[PlyCount "69"]
[EventDate "2018.??.??"]
[Source "ChessBase"]
[SourceDate "2007.09.04"]

1. d4 d5 2. c4 Nf6 3. Nf3 a6 4. Bf4 e6 5. Nc3 Bd6 6. Bd2 dxc4 7. e4 Be7 8. Bxc4
Nbd7 9. Qc2 b6 10. O-O Bb7 11. Rad1 c6 12. h3 O-O 13. Bf4 Re8 14. Be2 h6 15. a3
Qc8 16. Bg3 Rd8 17. Ne5 Nxe5 18. Bxe5 c5 19. d5 exd5 20. Bxf6 Bxf6 21. Bg4 Qc7
22. exd5 Bxc3 23. Qxc3 Rxd5 24. Rfe1 Rxd1 25. Rxd1 Qe7 $4 {Diagram [#]} (25...
Rd8 {leaves Black a safe pawn up.}) 26. Rd7 Qe4 27. Bf3 Qb1+ 28. Rd1 Qf5 29.
Bxb7 Ra7 30. Rd8+ Kh7 31. Bc8 Qb1+ 32. Kh2 Ra8 33. Qe5 Qf1 34. Bf5+ g6 35. Qh8#
1-0

[Event "Mechanics' Spring TNM; G/2 d5"]
[Site "San Francisco"]
[Date "2018.04.03"]
[Round "3.18"]
[White "Revi, Frank"]
[Black "Tsodikova, Natalya"]
[Result "0-1"]
[WhiteElo "1256"]
[BlackElo "2191"]
[PlyCount "64"]
[EventDate "2018.??.??"]
[Source "ChessBase"]
[SourceDate "2007.09.04"]

1. d4 Nf6 2. c4 g6 3. Nf3 Bg7 4. Bf4 O-O 5. Nc3 d6 6. e3 c6 7. Be2 Nbd7 8. O-O
Qa5 9. h3 e5 10. dxe5 dxe5 11. Bg3 Re8 12. Ng5 e4 13. h4 h6 14. Nxf7 Kxf7 15.
a3 Kg8 16. b4 Qd8 17. c5 Kh7 18. Qc2 Ne5 19. Rad1 Qe7 20. h5 Bf5 21. hxg6+ Bxg6
22. Qd2 Rad8 23. Qe1 Nd3 24. Bxd3 exd3 25. Bd6 Qe6 26. Rd2 Ng4 27. Nd1 Be5 28.
f4 Bxd6 29. cxd6 Nxe3 30. Rf3 Nxd1 31. Qh4 Qe1+ 32. Kh2 Qxh4+ 0-1

[Event "Mechanics' Winter TNM; G/2 d5"]
[Site "San Francisco"]
[Date "2018.01.16"]
[Round "2.40"]
[White "Revi, Frank"]
[Black "Yamamoto, Craig"]
[Result "1-0"]
[WhiteElo "1256"]
[BlackElo "1520"]
[PlyCount "63"]
[EventDate "2018.??.??"]
[Source "ChessBase"]
[SourceDate "2007.09.04"]

1. d4 d6 2. c4 c5 3. d5 e6 4. Nc3 e5 5. Nf3 f6 6. e4 g6 7. Bd3 Bg4 8. h3 Bd7 9.
Be3 a6 10. O-O Ne7 11. Nd2 h6 12. f4 Kf7 13. fxe5 dxe5 14. Qf3 Ng8 15. Qg3 Qe7
16. Nf3 Rh7 17. Nxe5+ Ke8 18. Nxd7 Nxd7 19. Rae1 Ne5 20. Be2 Kd8 21. Rd1 Rc8
22. b3 Ke8 23. Rd2 Bg7 24. Nd1 Bh8 25. Nb2 Rd8 26. Nd3 Nxd3 27. Rxd3 Qxe4 28.
Bxc5 Kf7 29. Re1 Qe8 30. Bh5 Qxe1+ 31. Qxe1 gxh5 32. Qe6+ 1-0

[Event "Mechanics' Summer TNM; G/2 d/5"]
[Site "San Francisco"]
[Date "2018.07.17"]
[Round "8.26"]
[White "Revi, Frank"]
[Black "Zaman, Ahyan"]
[Result "1-0"]
[WhiteElo "1439"]
[BlackElo "1650"]
[PlyCount "57"]
[EventDate "2018.??.??"]
[Source "ChessBase"]
[SourceDate "2007.09.04"]

1. d4 Nf6 2. c4 g6 3. Bf4 Bg7 4. Nc3 O-O 5. e4 d6 6. Nf3 Nc6 7. a3 Bg4 8. Be2
Bxf3 9. Bxf3 e5 10. Bg5 Nxd4 11. Nd5 c6 12. Ne3 Ne6 13. Bh4 Qb6 14. b4 Qd4 15.
O-O Qxd1 16. Raxd1 Nd4 17. Bxf6 Bxf6 18. Bg4 h5 19. Bh3 Rad8 20. Kh1 Bg5 21.
Rfe1 Ne6 22. g3 Bxe3 23. Rxe3 Ng5 24. Bg2 f5 25. exf5 Rxf5 26. h4 Nh7 27. Kg1
Nf6 28. f3 d5 29. Bh3 1-0

[Event "Mechanics' Shipman TNM; G/2 d/5"]
[Site "San Francisco"]
[Date "2018.09.18"]
[Round "7.12"]
[White "Ricard, Bruce"]
[Black "Karp, Richard M"]
[Result "1-0"]
[WhiteElo "1920"]
[BlackElo "1712"]
[Annotator "Winslow,Elliott"]
[PlyCount "77"]
[EventDate "2018.??.??"]
[Source "ChessBase"]
[SourceDate "2007.09.04"]

1. e4 c5 2. c3 d5 3. exd5 Qxd5 4. d4 cxd4 5. cxd4 Nf6 6. Nc3 Qd8 7. Nf3 e6 8.
Be2 Be7 9. O-O O-O 10. Ne5 Nbd7 11. Be3 Nd5 12. Nxd5 exd5 13. Qb3 Nxe5 14. dxe5
b6 15. Rad1 Be6 16. Bd4 Rc8 17. f4 Qd7 18. Bb5 Qb7 19. Qg3 $6 (19. f5 Bd7 20.
Bxd7 Qxd7 21. f6) 19... Bc5 $4 (19... f5 $1 $14) 20. f5 Bd7 21. Bxc5 ({or} 21.
Bxd7) ({or} 21. f6) 21... Bxb5 22. Bxf8 Kxf8 23. Rf2 f6 24. Qh4 fxe5 25. Qb4+
$2 (25. f6 $1 gxf6 (25... Kg8 26. f7+) 26. Qxf6+ Kg8 27. Rf5) 25... Rc5 26. Rc1
$2 (26. f6 $1) (26. Rc2) (26. Qh4 {(!)}) 26... Qe7 $16 27. Rfc2 Rxc2 28. Qxe7+
Kxe7 29. Rxc2 Kd7 (29... d4 $11) (29... Kd6 $11) 30. g4 Bd3 $2 (30... e4 $11)
31. Rc3 (31. Rd2 e4 32. g5) 31... Be2 32. g5 $2 (32. Rh3 $1 $18) 32... d4 (
32... Bg4 $1 $14) 33. Ra3 a5 34. Kf2 Bg4 35. f6 (35. Rb3 $1) 35... gxf6 36.
gxf6 Be6 $2 (36... Ke6) 37. b4 $1 axb4 (37... Ke8 38. bxa5 bxa5 39. Rxa5 Kf7
40. a4) 38. Ra7+ Ke8 39. Re7+ 1-0

[Event "Mechanics' Bedjanian TNM; G/2 d/5"]
[Site "San Francisco"]
[Date "2018.12.18"]
[Round "9.39"]
[White "Ricard, Bruce"]
[Black "Lehman, Clarence E"]
[Result "1-0"]
[WhiteElo "1896"]
[BlackElo "1900"]
[PlyCount "99"]
[EventDate "2018.??.??"]
[Source "ChessBase"]
[SourceDate "2007.09.04"]

1. e4 e5 2. Nf3 Nc6 3. Bb5 a6 4. Ba4 Nf6 5. O-O Be7 6. Re1 b5 7. Bb3 O-O 8. a4
b4 9. d3 d6 10. h3 Na5 11. Ba2 Bd7 12. c3 c5 13. Nbd2 Rb8 14. Nf1 b3 15. Bb1
Qc7 16. Ne3 c4 17. d4 Rfd8 18. Nf5 Bxf5 19. exf5 Nd7 20. Qe2 f6 21. Be4 Nb6 22.
dxe5 fxe5 23. Ng5 Bxg5 24. Bxg5 Rf8 25. f6 gxf6 26. Bh6 Rf7 27. Bf5 Qe7 28. f4
Kh8 29. Rad1 Rg8 30. Qf2 Rb8 31. Re2 Nc6 32. Be4 Nd8 33. a5 Nc8 34. Bd5 Ne6 35.
Bxc4 Na7 36. f5 Nd8 37. Bxf7 Nxf7 38. Be3 Nc6 39. Bb6 Rg8 40. Qf3 Qd7 41. Qd5
Ng5 42. Kh1 Nf7 43. Qxb3 Rg7 44. Qe6 Ng5 45. Qxf6 d5 46. Rxe5 Nxe5 47. Qxe5 Ne4
48. Rxd5 Ng3+ 49. Kg1 Ne2+ 50. Kf2 1-0

[Event "Mechanics' Shipman TNM; G/2 d/5"]
[Site "San Francisco"]
[Date "2018.08.14"]
[Round "2.11"]
[White "Ricard, Bruce"]
[Black "Matz, James I"]
[Result "1-0"]
[WhiteElo "1920"]
[BlackElo "1654"]
[PlyCount "53"]
[EventDate "2018.??.??"]
[Source "ChessBase"]
[SourceDate "2007.09.04"]

1. e4 c5 2. c3 e6 3. d4 d5 4. e5 Nc6 5. Nf3 Nge7 6. Bd3 Bd7 7. O-O cxd4 8. cxd4
Nb4 9. Be2 Rc8 10. Nc3 Nf5 11. g4 Nh4 12. Nxh4 Qxh4 13. f4 g6 14. Be3 h6 15.
Kh1 Qd8 16. Bf3 Qb6 17. a3 Na6 18. Qe2 Nc7 19. a4 Qb3 20. Qf2 Bb4 21. f5 Bxc3
22. fxe6 Bxe6 23. bxc3 Kd7 24. Rfc1 Qc4 25. Be2 Qc6 26. Kg1 Ne8 27. Bb5 1-0

[Event "Mechanics' Shipman TNM; G/2 d/5"]
[Site "San Francisco"]
[Date "2018.09.25"]
[Round "8.11"]
[White "Ricard, Bruce"]
[Black "Mays, Jerry L"]
[Result "1-0"]
[WhiteElo "1920"]
[BlackElo "1725"]
[Annotator "Winslow,Elliott"]
[PlyCount "61"]
[EventDate "2018.??.??"]
[Source "ChessBase"]
[SourceDate "2007.09.04"]

1. e4 e5 2. Nf3 Nc6 3. Bb5 a6 4. Ba4 Nf6 5. O-O Be7 6. Re1 b5 7. Bb3 O-O 8. a4
Bb7 9. d3 d5 10. exd5 Nxd5 11. Nxe5 Nxe5 12. Rxe5 {
White has clobbered Black here. Why? He hasn't played c2-c3.} Qd6 13. Re1 Nf4
$4 (13... c5 14. axb5 axb5 15. Rxa8 Bxa8 16. Nd2 Qg6 17. Qf3 Rd8 18. Qg3 Qxg3
19. hxg3 Kf8 20. Nf3 h6 21. Bd2 Bf6 22. Ne5 Bb7 23. f4 Bc8 24. Ra1 Bxe5 25.
fxe5 Be6 26. Ra5 Rb8 27. Be1 Ne3 28. Bxe6 fxe6 29. Bf2 Nxc2 30. Bxc5+ Kf7 31.
Kf2 Rd8 32. Ke2 Rd5 33. b4 Rxe5+ 34. Kd2 Ne1 35. Ra1 Nxg2 36. Rg1 h5 37. Rxg2
Rg5 38. d4 {1-0 (38) Sulskis,S (2535)-Nagy,G (2403) Hastings 2016}) 14. Bxf4
Qxf4 {[#]} 15. Qh5 (15. Rxe7 Qg5 16. Re4 $18 Bxe4 17. dxe4 Rad8 18. Qe1 b4 19.
g3 Qf6 20. Nd2 Qxb2 21. Nf3 (21. Nc4)) 15... Qg5 $2 (15... g6 16. Qe2 (16. Qe5
Qxe5 17. Rxe5 Bf6 18. Rc5 Bxb2 19. Ra2 Rfe8 $1 20. Kf1 Be5) 16... Bf6 17. Nc3
b4 18. Nd5 Bxd5 19. Bxd5 Rad8 {Black takes on b2 and is fine.}) 16. Qxg5 Bxg5
17. Nc3 b4 18. Ne4 Bxe4 19. Rxe4 Bf6 20. Rxb4 Bxb2 21. Bxf7+ Rxf7 22. Rxb2 Raf8
23. c4 Rd7 24. Rb7 Rf4 25. Ra7 Kf7 26. Rxa6 Rxd3 27. Rc6 Rd7 28. g3 Rfd4 29. a5
Ke8 30. a6 Kd8 31. Ra5 1-0

[Event "Mechanics' Shipman TNM; G/2 d/5"]
[Site "San Francisco"]
[Date "2018.09.04"]
[Round "5.4"]
[White "Ricard, Bruce"]
[Black "Tsodikova, Natalya"]
[Result "1/2-1/2"]
[WhiteElo "1920"]
[BlackElo "2199"]
[Annotator "Winslow,Elliott"]
[PlyCount "96"]
[EventDate "2018.??.??"]
[Source "ChessBase"]
[SourceDate "2007.09.04"]

1. e4 e5 2. Nf3 Nc6 3. Bb5 a6 4. Ba4 Nf6 5. O-O Be7 6. Re1 b5 7. Bb3 O-O 8. c3
d6 9. h3 Nb8 10. d4 Nbd7 11. Nbd2 Bb7 12. Bc2 c5 (12... Re8) 13. d5 (13. Nf1) (
13. b3) 13... c4 (13... g6 14. Nf1 Nh5 (14... Qc7) 15. Bh6 Re8 16. Qd2 {
1/2 (21)-1/2, Schoorl R 2239 - Timman T 2335 , 20.7.2005 ACT Open}) (13... Re8)
(13... Qc7 14. Nf1 Rfb8 15. Ng3 Bc8 16. Be3 Nf8 17. a4 $1 {
1-0 (48) Bologan, V (2700)-Sokolov,I (2691) Merida 2005 CBM 109 [Bologan,V]})
14. Nf1 Re8 (14... Qc7 15. Ng3 Rfb8 {has been played quite a few times!} 16.
Nf5 Bf8) 15. N3h2 Bf8 16. Bg5 $146 (16. Ng4 Nc5 17. Ng3 Nxg4 18. Qxg4 {
1-0 (37) Vildanov,R (1964) -Evsyukov,A (1840) Anapa 2012}) (16. g4 Nc5 17. g5
Nfd7 18. Qg4 Bc8 19. Qg3 {1-0 (39) Meulders,R-Wirthensohn,H Zuerich 1970})
16... h6 17. Be3 Nc5 18. Bxc5 $5 dxc5 19. Ne3 g6 20. Nhg4 Nh5 21. g3 Bc8 22. a4
Bd7 23. Qf3 Kg7 24. Kg2 Bd6 25. Nh2 Qg5 26. h4 Qe7 27. Nf5+ Bxf5 28. exf5 Nf6
29. Ng4 Nxg4 (29... e4 30. Bxe4 Nxe4 31. f6+) 30. Qxg4 h5 31. Qe4 {
better this square for the bishop} Qf6 32. fxg6 Qxg6 33. Qxg6+ (33. Qe2 f5)
33... fxg6 34. Be4 Reb8 35. axb5 axb5 36. Kf3 (36. Kh3 Rf8 37. f3) 36... Kf6
37. Ke3 Bf8 38. Red1 Bd6 39. Rg1 Rg8 40. f4 b4 41. Rgf1 exf4+ 42. gxf4 Rgf8 (
42... Rge8 {(on Ricard's score)}) 43. Rg1 Rxa1 44. Rxa1 Rd8 45. Rg1 (45. Ra6
Kf7 46. Rc6 Kg7 47. cxb4 cxb4 48. Rxc4 Rf8) 45... Rg8 46. Ra1 Rd8 47. Rg1 Rg8
48. Ra1 Rd8 1/2-1/2

[Event "Mechanics' Shipman TNM; G/2 d/5"]
[Site "San Francisco"]
[Date "2018.09.04"]
[Round "5.4"]
[White "Ricard, Bruce"]
[Black "Tsodikova, Natalya"]
[Result "1/2-1/2"]
[WhiteElo "1920"]
[BlackElo "2199"]
[PlyCount "96"]
[EventDate "2018.??.??"]
[Source "ChessBase"]
[SourceDate "2007.09.04"]

1. e4 e5 2. Nf3 Nc6 3. Bb5 a6 4. Ba4 Nf6 5. O-O Be7 6. Re1 b5 7. Bb3 O-O 8. c3
d6 9. h3 Nb8 10. d4 Nbd7 11. Nbd2 Bb7 12. Bc2 c5 13. d5 c4 14. Nf1 Re8 15. N3h2
Bf8 16. Bg5 h6 17. Be3 Nc5 18. Bxc5 dxc5 19. Ne3 g6 20. Nhg4 Nh5 21. g3 Bc8 22.
a4 Bd7 23. Qf3 Kg7 24. Kg2 Bd6 25. Nh2 Qg5 26. h4 Qe7 27. Nf5+ Bxf5 28. exf5
Nf6 29. Ng4 Nxg4 30. Qxg4 h5 31. Qe4 Qf6 32. fxg6 Qxg6 33. Qxg6+ fxg6 34. Be4
Reb8 35. axb5 axb5 36. Kf3 Kf6 37. Ke3 Bf8 38. Red1 Bd6 39. Rg1 Rg8 40. f4 b4
41. Rgf1 exf4+ 42. gxf4 Rge8 43. Rg1 Rxa1 44. Rxa1 Rd8 45. Rg1 Rg8 46. Ra1 Rd8
47. Rg1 Rg8 48. Ra1 Rd8 1/2-1/2

[Event "Mechanics' Shipman TNM; G/2 d/5"]
[Site "San Francisco"]
[Date "2018.08.21"]
[Round "3.2"]
[White "Ricard, Bruce"]
[Black "Wong, Russell"]
[Result "0-1"]
[WhiteElo "1920"]
[BlackElo "2200"]
[Annotator "Winslow,Elliott"]
[PlyCount "60"]
[EventDate "2018.??.??"]
[Source "ChessBase"]
[SourceDate "2007.09.04"]

1. e4 Nf6 2. e5 Nd5 3. d4 Nb6 (3... d6) 4. Nf3 (4. a4 $5 a5 (4... d5 5. a5 N6d7
6. b4 (6. Bg5 h6 7. Bh4 g5 8. Bg3 e6 9. h4) 6... g6 7. h4 e6 8. c3 h5 9. Bg5
Be7 10. Nh3 Nf8 11. Bd3 a6 12. Nd2 Bd7 13. Qe2 Nc6 14. Nf3 {
Balogh - Z.Varga, Eforie Nord 2008}) 5. Nf3 (5. Bb5 $5 c6 (5... e6 6. Qg4) 6.
Bd3 d6) 5... d5 6. Bd3 Bg4 7. h3 Bxf3 8. Qxf3 e6 9. Qg3 c5 {
Benjamin - Alburt, New York 1990}) 4... d5 5. Bd3 Bg4 6. h3 Bxf3 7. Qxf3 e6 8.
O-O c5 9. c3 (9. dxc5 N6d7 10. Qg3 Nc6 11. f4 g6 12. Be3 Nxc5 (12... Bxc5 {
more accurate}) 13. Bxc5 Bxc5+ 14. Kh1 Qb6 15. Nc3 Nb4 16. Bb5+ Kf8 17. Ba4 Rc8
18. Bb3 Be7 19. Ne2 Rc7 20. Rac1 h5 21. Qf3 h4 22. Nc3 Kg7 {
Simonsen - Westerinen, Torshavn 1997.}) 9... Nc6 10. Be3 a6 11. Nd2 Na4 12. Bc2
Qa5 13. b4 cxb4 14. c4 Nc3 15. Nb3 Qc7 16. cxd5 Nxd5 17. Rac1 Rd8 18. Be4 Nc3
19. Bg5 Rd7 20. Rxc3 bxc3 21. Rc1 h6 22. Bh4 g5 23. Bg3 Nxd4 24. Nxd4 Rxd4 25.
Bxb7 Rc4 26. Bxa6 Rc5 {[#]} 27. Qd3 ({
Sitting next to this game I wondered if maybe White had} 27. Rxc3 $5 {
but Black, according to Stockfish 9 (set for "zero contempt"), still has a
solid advantage.} Be7 28. Qa8+ Qd8 29. Qxd8+ Kxd8 30. Rb3 Kd7 $17) 27... Be7
28. Bb5+ Kf8 {This of course is a lot worse, what with that c-pawn still there.
} 29. f4 {only backfires} Rd5 30. Qf1 Qb6+ 0-1

[Event "Mechanics' Spring TNM; G/2 d5"]
[Site "San Francisco"]
[Date "2018.04.03"]
[Round "3.38"]
[White "Robeal, Rafik"]
[Black "Admassu, Yonathan"]
[Result "0-1"]
[WhiteElo "1682"]
[BlackElo "1378"]
[PlyCount "48"]
[EventDate "2018.??.??"]
[Source "ChessBase"]
[SourceDate "2007.09.04"]

1. d4 Nf6 2. Nf3 g6 3. e3 Bg7 4. Bd3 d6 5. Nbd2 O-O 6. b3 Nc6 7. Bb2 Re8 8. O-O
e5 9. dxe5 Ng4 10. Nc4 d5 11. Ncd2 Ncxe5 12. Qc1 c6 13. h3 Nxd3 14. cxd3 Ne5
15. Nxe5 Bxe5 16. Bxe5 Rxe5 17. Nf3 Rh5 18. Qc3 Bxh3 19. gxh3 Qd7 20. h4 Qg4+
21. Kh2 Qxf3 22. Qd4 g5 23. Rg1 Qxf2+ 24. Rg2 Rxh4+ 0-1

[Event "Mechanics' Winter TNM; G/2 d5"]
[Site "San Francisco"]
[Date "2018.01.30"]
[Round "4.30"]
[White "Robeal, Rafik"]
[Black "Allen, Tom Carter"]
[Result "1-0"]
[WhiteElo "1682"]
[BlackElo "1400"]
[PlyCount "73"]
[EventDate "2018.??.??"]
[Source "ChessBase"]
[SourceDate "2007.09.04"]

1. d4 Nf6 2. Nf3 d5 3. e3 Bg4 4. Bd3 e6 5. O-O Nc6 6. a3 Bd6 7. Nbd2 O-O 8. b3
e5 9. dxe5 Bxe5 10. Rb1 a6 11. h3 Bd7 12. Nxe5 Nxe5 13. Be2 Re8 14. Nf3 Nxf3+
15. Bxf3 c6 16. Qd4 Qc8 17. Bb2 Bxh3 18. gxh3 Qxh3 19. Qf4 Nh5 20. Bxh5 Qxh5
21. Qg3 Qh6 22. Kg2 Re6 23. Rh1 Qg6 24. Rh4 Qxg3+ 25. Kxg3 Rg6+ 26. Rg4 Rxg4+
27. Kxg4 Re8 28. Rg1 Re6 29. Kf3 g6 30. Bd4 h6 31. a4 g5 32. b4 f5 33. b5 axb5
34. axb5 Re4 35. Ke2 f4 36. bxc6 bxc6 37. Kd3 1-0

[Event "Mechanics' Summer TNM; G/2 d5"]
[Site "San Francisco"]
[Date "2018.06.05"]
[Round "2.15"]
[White "Robeal, Rafik"]
[Black "Anderson, Michael"]
[Result "0-1"]
[WhiteElo "1673"]
[BlackElo "1905"]
[PlyCount "58"]
[EventDate "2018.??.??"]
[Source "ChessBase"]
[SourceDate "2007.09.04"]

1. d4 f5 2. Nf3 g6 3. b3 Bg7 4. Bb2 Nf6 5. e3 O-O 6. Bd3 b6 7. O-O Bb7 8. Nbd2
Na6 9. c3 c5 10. Qe2 Nc7 11. Rac1 Ne6 12. Bc4 d5 13. Bd3 Kh8 14. Ne5 Ne4 15. f3
Nxd2 16. Qxd2 f4 17. Rce1 Bxe5 18. dxe5 Qc7 19. exf4 Rxf4 20. Bc1 c4 21. Bb1
cxb3 22. axb3 Rf7 23. b4 Rc8 24. Qh6 Kg8 25. Qh3 Nf4 26. Bxf4 Rxf4 27. Qe6+ Kg7
28. Ba2 Rd8 29. Rd1 $4 Bc8 0-1

[Event "Mechanics' Bedjanian TNM; G/2 d/5"]
[Site "San Francisco"]
[Date "2018.11.27"]
[Round "6.13"]
[White "Robeal, Rafik"]
[Black "Anderson, Michael"]
[Result "0-1"]
[WhiteElo "1667"]
[BlackElo "1904"]
[PlyCount "87"]
[EventDate "2018.??.??"]
[Source "ChessBase"]
[SourceDate "2007.09.04"]

1. d4 f5 2. c4 g6 3. Nf3 Nf6 4. Nc3 Bg7 5. e3 b6 6. Bd3 Bb7 7. O-O O-O 8. b4 c5
9. Rb1 cxb4 10. Rxb4 Nc6 11. Rb1 Rc8 12. Ba3 Na5 13. Nd2 d6 14. Qe2 Re8 15. d5
Ba6 16. Nb5 Qd7 17. e4 fxe4 18. Nxe4 Nxe4 19. Qxe4 Bxb5 20. cxb5 Nb7 21. Be2
Nc5 22. Bxc5 Rxc5 23. a4 Qf5 24. Qxf5 gxf5 25. g4 f4 26. Rb4 Be5 27. g5 Kg7 28.
Bf3 Rec8 29. Kg2 Rc4 30. Rfb1 Bc3 31. Rxc4 Rxc4 32. Rb3 Bd4 33. a5 bxa5 34. Ra3
Bb6 35. Ra2 Rc5 36. Be4 Rc3 37. f3 Rc5 38. Kh3 e5 39. dxe6 Rxg5 40. Bc6 Kf6 41.
Kh4 h6 42. Bd7 d5 43. Rc2 Rg8 44. Re2 0-1

[Event "Mechanics' Bedjanian TNM; G/2 d/5"]
[Site "San Francisco"]
[Date "2018.11.13"]
[Round "4.13"]
[White "Robeal, Rafik"]
[Black "Askin, Michael"]
[Result "0-1"]
[WhiteElo "1667"]
[BlackElo "1979"]
[PlyCount "64"]
[EventDate "2018.??.??"]
[Source "ChessBase"]
[SourceDate "2007.09.04"]

1. Nf3 Nf6 2. g3 d5 3. Bg2 Nc6 4. d4 Bf5 5. c3 Qd7 6. Ne5 Nxe5 7. dxe5 Ne4 8.
f3 Nc5 9. Be3 e6 10. O-O Qb5 11. b4 Na4 12. Na3 Qd7 13. Bd4 a5 14. e4 axb4 15.
exf5 bxa3 16. fxe6 fxe6 17. Qb3 c5 18. Bf2 c4 19. Qc2 Be7 20. f4 O-O 21. Bd4
Bc5 22. Rad1 Ra5 23. Bh3 g6 24. g4 Qe7 25. Kh1 Bxd4 26. Rxd4 Qh4 27. Kg2 Rb5
28. Rb1 Rxb1 29. Qxb1 Nxc3 30. Qf1 g5 31. Qf3 Qe1 32. f5 Ne2 0-1

[Event "Mechanics' Bedjanian TNM; G/2 d/5"]
[Site "San Francisco"]
[Date "2018.12.11"]
[Round "8.19"]
[White "Robeal, Rafik"]
[Black "Bentz, Brad"]
[Result "1-0"]
[WhiteElo "1667"]
[BlackElo "1312"]
[Annotator "Winslow,Elliott"]
[PlyCount "69"]
[EventDate "2018.??.??"]
[Source "ChessBase"]
[SourceDate "2007.09.04"]

1. Nf3 c5 2. b3 Nf6 3. Bb2 Nc6 4. e3 e6 5. d4 cxd4 6. exd4 Be7 7. Nbd2 d5 8. a3
b6 9. Bb5 Bb7 10. Ne5 Rc8 11. Qe2 Qc7 12. Rc1 Nd7 13. f4 O-O 14. O-O a6 15. Bd3
(15. Bxa6 Bxa6 16. Qxa6 Ra8 17. Qd3 Bxa3) 15... Ncxe5 16. fxe5 Bg5 17. Rcd1
Rce8 18. Nf3 (18. Qh5 $1 Be3+ 19. Kh1 f5 (19... g6 20. Qh3 Bxd2 21. Rxd2 f5 22.
g4) 20. Nf3) 18... Bh6 19. Bc1 Bxc1 20. Rxc1 f5 21. exf6 Rxf6 22. Ng5 Rh6 $6
23. Bxh7+ Kh8 24. g3 (24. Nf7+ $1 Kxh7 25. Qd3+ g6 (25... Rg6 26. Qh3+ Rh6 27.
Nxh6) 26. Nxh6 Kxh6 {walks into a classic tornado:} 27. Qh3+ Kg7 (27... Kg5 28.
g3) 28. Rf7+ $1 Kxf7 29. Qh7+ Kf6 30. Rf1+ Kg5 31. h4+ Kg4 32. Qh6 (32. Qxg6+
Kxh4 33. Rf3)) 24... Nf6 25. Bd3 e5 26. dxe5 Rh5 27. h4 Rxg5 28. hxg5 Rxe5 29.
Qh2+ Kg8 30. gxf6 Rh5 31. f7+ Kf8 32. Rce1 Bc6 33. Re8+ Bxe8 34. fxe8=Q+ Kxe8
35. Qxh5+ 1-0

[Event "Mechanics' Spring TNM; G/2 d5"]
[Site "San Francisco"]
[Date "2018.04.24"]
[Round "6.26"]
[White "Robeal, Rafik"]
[Black "Brown, Nicholas M"]
[Result "1-0"]
[WhiteElo "1682"]
[BlackElo "1490"]
[Annotator "Donaldson"]
[PlyCount "61"]
[EventDate "2018.??.??"]
[Source "ChessBase"]
[SourceDate "2007.09.04"]

1. d4 Nf6 2. Nf3 d5 3. e3 g6 4. Bd3 Bg7 5. b3 O-O 6. Bb2 Bg4 7. Nbd2 Nbd7 8. h3
Bxf3 9. Nxf3 Re8 10. O-O c5 11. Ne5 cxd4 12. exd4 Qc7 13. Qe2 a6 14. f4 Nh5 15.
Qf3 e6 16. Rae1 Bh6 17. g4 $1 Nxf4 18. Bc1 (18. Nxd7 Qxd7 19. Bc1 g5 20. Bxf4
gxf4 21. g5 Bxg5 22. Qh5 h6 23. h4 $16) 18... Nxe5 19. Rxe5 $2 (19. dxe5 g5 20.
Bxf4 gxf4 21. h4) 19... f6 $1 20. Bxf4 Bxf4 21. Re2 g5 (21... Bg5 $17) 22. Kg2
Rad8 23. h4 h6 (23... e5 $1) 24. hxg5 Bxg5 25. Rfe1 Qd6 (25... e5) 26. c4 Qd7
27. cxd5 Bh4 $2 (27... Qxd5 $11) 28. dxe6 Qxd4 29. Rd1 Qb6 30. e7 Rd7 31. Bc4+
1-0

[Event "Mechanics' Winter TNM; G/2 d5"]
[Site "San Francisco"]
[Date "2018.02.27"]
[Round "8.25"]
[White "Robeal, Rafik"]
[Black "Cryer, Benjamin"]
[Result "1-0"]
[WhiteElo "1682"]
[BlackElo "1224"]
[PlyCount "57"]
[EventDate "2018.??.??"]
[Source "ChessBase"]
[SourceDate "2007.09.04"]

1. d4 Nf6 2. Nf3 g6 3. e3 Bg7 4. Bd3 O-O 5. O-O d6 6. Nbd2 c5 7. b3 Nc6 8. Bb2
Nd7 9. c3 b6 10. Qc2 Bb7 11. d5 Nce5 12. c4 b5 13. Be2 bxc4 14. bxc4 Qb6 15.
Nxe5 Nxe5 16. Rab1 Qa6 17. f4 Nd7 18. Bxg7 Kxg7 19. Qb2+ Kg8 20. Qxb7 Qxa2 21.
Qb2 Qa6 22. e4 Rfb8 23. Qc3 Rxb1 24. Rxb1 Rb8 25. Rxb8+ Nxb8 26. Bg4 Qb6 27. e5
Qb4 28. Qe3 Qb2 29. exd6 1-0

[Event "Mechanics' Spring TNM; G/2 d5"]
[Site "San Francisco"]
[Date "2018.05.08"]
[Round "8.27"]
[White "Robeal, Rafik"]
[Black "Erdenebileg, Matthew"]
[Result "1-0"]
[WhiteElo "1682"]
[BlackElo "1477"]
[PlyCount "29"]
[EventDate "2018.??.??"]
[Source "ChessBase"]
[SourceDate "2007.09.04"]

1. d4 d5 2. Nf3 Nf6 3. e3 e6 4. Bd3 Be7 5. O-O O-O 6. b3 Nc6 7. a3 a6 8. Bb2
Re8 9. Nbd2 b6 10. Ne5 Bb7 11. c4 Nd7 $2 {Diagram [#]} 12. Bxh7+ $1 Kf8 13. Qh5
Ndxe5 14. dxe5 f6 15. Bg6 1-0

[Event "Mechanics' Winter TNM; G/2 d5"]
[Site "San Francisco"]
[Date "2018.01.16"]
[Round "2.21"]
[White "Robeal, Rafik"]
[Black "Ivanov, Aleksandr"]
[Result "0-1"]
[WhiteElo "1682"]
[BlackElo "2166"]
[PlyCount "98"]
[EventDate "2018.??.??"]
[Source "ChessBase"]
[SourceDate "2007.09.04"]

1. d4 d5 2. Nf3 c6 3. e3 Nf6 4. Nbd2 e6 5. Bd3 c5 6. b3 Nc6 7. Bb2 b6 8. O-O
Nb4 9. Bb5+ Bd7 10. Be2 Bd6 11. Ne5 Qc7 12. c3 Nc6 13. f4 Ne7 14. Bd3 Bc6 15.
Rc1 Nf5 16. Qe2 Bb7 17. Bb5+ Kf8 18. Ndf3 h5 19. Ng5 Bxe5 20. fxe5 Ne4 21. Nh3
Rg8 22. Bd3 a5 23. c4 a4 24. Bxe4 dxe4 25. d5 axb3 26. axb3 Qd7 27. d6 Bc6 28.
Ra1 Rb8 29. Ra2 g6 30. Bc3 b5 31. Rfa1 Kg7 32. Be1 bxc4 33. bxc4 Rb3 34. Bf2
Rgb8 35. g3 R8b4 36. Ra7 Bb7 37. R1a2 Rc3 38. Be1 Rxe3 39. Qf2 Rb1 40. Re2 Rf3
41. Qxc5 Rd3 42. Nf4 Rdd1 43. Ng2 Nd4 44. Rxe4 Nf3+ 45. Kf2 Nxh2 46. Bb4 Ng4+
47. Rxg4 hxg4 48. Nf4 Rb3 49. Nd3 Rdxd3 0-1

[Event "Mechanics' Shipman TNM; G/2 d/5"]
[Site "San Francisco"]
[Date "2018.09.25"]
[Round "8.13"]
[White "Robeal, Rafik"]
[Black "Mercado, Adam"]
[Result "1/2-1/2"]
[WhiteElo "1671"]
[BlackElo "1707"]
[PlyCount "79"]
[EventDate "2018.??.??"]
[Source "ChessBase"]
[SourceDate "2007.09.04"]

1. d4 Nf6 2. Nf3 d5 3. e3 c5 4. b3 Nc6 5. Bb2 e6 6. Bd3 Bd6 7. O-O Qc7 8. Nbd2
Nb4 9. Be2 cxd4 10. Nxd4 Bxh2+ 11. Kh1 Bd6 12. Nb5 Qe7 13. Nxd6+ Qxd6 14. Nc4
Qe7 15. Ne5 Nc6 16. c4 Nxe5 17. Bxe5 dxc4 18. Bd6 Qd8 19. Bxc4 Ne4 20. Ba3 Nd2
21. Bb5+ Bd7 22. Bxd7+ Qxd7 23. Re1 Rd8 24. Qg4 f5 25. Qh4 Ne4 26. Rad1 Qc7 27.
Qh5+ g6 28. Qh4 h5 29. Rc1 Qf7 30. Qf4 g5 31. Qe5 Qf6 32. Qb5+ Kf7 33. Rc7+ Kg6
34. Qe2 Rd2 35. Qb5 Nxf2+ 36. Kg1 g4 37. Bb4 Qh4 38. Rg7+ Kh6 39. Bxd2 Nh3+ 40.
gxh3 1/2-1/2